=LDR 00000nam 2200000 4500 =001 INLIS000000000027540 =005 20130612125916 =008 ***********************************Ind** =035 ##$$0010-061300000027540 =041 ##$$a Ind =082 ##$$a 781.6 =090 ##$$a 781.6, Suw m =100 ##$$a Suwito,M =245 ##$$a Mengiringi lagu lagu Indonesia pilihan dengan organ dilengkapi:not balok,not angka.not organ, M.Suwito =260 ##$$a 1998 $b Jakarta =300 ##$$a 85 hlm, ilus, 23 cm =650 ##$$a Musik =850 ##$$a NBPNMAT